| 000 | 00565nam a2200193Ia 4500 | ||
|---|---|---|---|
| 003 | GCL | ||
| 008 | 140319s9999 xx 000 0 ara d | ||
| 040 |
_aGCL / _cGCL |
||
| 082 | 0 | 4 |
_a227.681 _bح ا |
| 100 | 1 | _aحسين مؤنس | |
| 245 | 1 | 0 |
_aالاسلام فى عشرين اية / _cحسين مؤنس |
| 250 | _aالاولى | ||
| 260 |
_aالقاهرة : _bدار الرشاد ، _c1993 |
||
| 300 |
_a266 ص ؛ _c19 سم |
||
| 650 | 0 | 4 | _aالاسلام |
| 650 | 0 | 4 | _aالقران - تفسير |
| 650 | 0 | 4 | _aالقران - سور وايات |
| 942 |
_2ddc _cBK |
||
| 999 |
_c900 _d900 |
||